000 00274nam a22001217a 4500
003 OSt
008 221103b |||||||| |||| 00| 0 eng d
041 _aeng
082 _a320.1 LAS/ST
100 _aLaski,Harold J
_95289
245 _aState in theory and practice
942 _cBK
999 _c17573
_d17573